LEADER 01339nam a2200337 u 4500 001 000000014813 003 CaOOAMICUS 005 20181115114955.0 008 940517s1960 it u000 u ita u 032 $aLibriCat 035 $a10348068 040 $aPUL$bita 100 1 $aSturzo, Luigi,$csac.,$d1871-1959.$0(OLS)http://pul/name/5972 245 13$aLa società :$bsua natura e leggi : sociologia storicista /$cLuigi Sturzo. 250 $a2. ed. ital., riv. dall'autore. 260 $aBologna :$bZanichelli,$c1960. 300 $axv, 295 p. ;$c24 cm 490 1 $aOpera omnia di Luigi Sturzo.$aI serie, Opere ;$v3 650 4$aSociologia.$0(OLS)http://pul/subject/2611 830 0$aOpera omnia di Luigi Sturzo.$nI serie,$pOpere ;$v3.$0(OLS)http://pul/title/21258 850 $aPUL 852 $aPUL$W1$xSL Religione 2$y84$mRH F3 1.3$j20748$nBK-PRI$b $qStampati altre collocazioni$B20748$CPULBib$Z2$F20748 $H $81 941 1 $a10 960 $aSociology$92611 960 $aSociology$92611 960 $aScienze sociali$92611 960 $aScienze sociali$92611 961 $aINV: 85435 996 $6245$aLa società :$bsua natura e leggi : sociologia storicista$9(OLS)http://pul/title/21260 996 $6260$aBologna :$bZanichelli$9(OLS)http://pul/publisher/48255 LEADER 01150nam a2200241 u 4500 001 000000071280 003 CaOOAMICUS 005 20070226122120.0 008 020523s1854 fr u000 u fre u 035 $a10930851 040 $aPUL(R)$bita 100 1 $aOrtigue, Joseph Louis d',$d1802-1866.$0(OLS)http://pul/name/47336 245 10$aDictionnaire liturgique, historique et théorique de plain-chant et de musique d'église, au moyen age et dans les temps modernes /$cpar M.J. D'Ortigue. 260 $aParis :$bL. Potier,$c1854. 300 $axxxix, 1563 p. ;$c28 cm 500 $aContiene indice. 650 4$aMusica$xDizionari.$0(OLS)http://pul/subject/24577 650 4$aMusica sacra.$0(OLS)http://pul/subject/3526 850 $aPUL 852 $aPUL$W1$xDP1 Antico 800$y27$m517 G 4$j92213$nBK-PRI$b $qStampati Antico$B92213$CPULBib$Z2$F92213 $H $81 941 1 $a15 996 $6245$aDictionnaire liturgique, historique et théorique de plain-chant et de musique d'église, au moyen age et dans les temps modernes$9(OLS)http://pul/title/93861 996 $6260$aParis :$bL. Potier$9(OLS)http://pul/publisher/73472